Sự hạn chế quyền lực nhà nước

Nội dung sách nói về sự cần thiết của việc kiểm soát quyền lực nhà nước, chủ nghĩa hợp hiến và việc đẩy mạnh xây dựng nhà nước pháp quyền và đảm bảo quyền con người ở cả tầm lý thuyết lẫn thực tiễn....

Full beskrivning

Sparad:
Bibliografiska uppgifter
Huvudupphovsman: Nguyễn Đăng Dung
Materialtyp: Bok
Språk:Vietnamese
Publicerad: H. Đại học Quốc gia Hà Nội 2014
Upplaga:Tái bản lần thứ 1
Ämnen:
Taggar: Lägg till en tagg
Inga taggar, Lägg till första taggen!
Thư viện lưu trữ: Thư viện Trường Đại học Nam Cần Thơ
LEADER 01809nam a22002657a 4500
001 NCT_66242
008 190812b xxu||||| |||| 00| 0 vie d
999 |c 3204  |d 3204 
020 |a 9786049344466  |c 144000 
082 0 4 |2 23rd ed.  |a 321  |b D513 
100 1 |a Nguyễn Đăng Dung 
245 1 0 |a Sự hạn chế quyền lực nhà nước  |c Nguyễn Đăng Dung 
250 |a Tái bản lần thứ 1 
260 |a H.  |b Đại học Quốc gia Hà Nội  |c 2014 
300 |a 545 tr.   |c 24cm 
500 |a ĐTTS ghi: Đại học Quốc gia Hà Nội. Khoa Luật 
520 3 |a Nội dung sách nói về sự cần thiết của việc kiểm soát quyền lực nhà nước, chủ nghĩa hợp hiến và việc đẩy mạnh xây dựng nhà nước pháp quyền và đảm bảo quyền con người ở cả tầm lý thuyết lẫn thực tiễn. 
653 |a Luật học 
942 |2 ddc  |c BK 
952 |0 0  |1 0  |2 ddc  |4 0  |6 321_000000000000000_D513  |7 0  |9 17323  |a 000001  |b 000001  |d 2019-08-12  |o 321 D513  |p MD.15455  |r 2019-08-12  |v 144000.00  |w 2019-08-12  |y BK 
952 |0 0  |1 0  |2 ddc  |4 0  |6 321_000000000000000_D513  |7 0  |9 17324  |a 000001  |b 000001  |d 2019-08-12  |o 321 D513  |p MD.15456  |r 2019-08-12  |v 144000.00  |w 2019-08-12  |y BK 
952 |0 0  |1 0  |2 ddc  |4 0  |6 321_000000000000000_D513  |7 0  |9 17325  |a 000001  |b 000001  |d 2019-08-12  |o 321 D513  |p MD.15457  |r 2019-08-12  |v 144000.00  |w 2019-08-12  |y BK 
952 |0 0  |1 0  |2 ddc  |4 0  |6 321_000000000000000_D513  |7 0  |9 17326  |a 000001  |b 000001  |d 2019-08-12  |o 321 D513  |p MD.15458  |r 2019-08-12  |v 144000.00  |w 2019-08-12  |y BK 
952 |0 0  |1 0  |2 ddc  |4 0  |6 321_000000000000000_D513  |7 0  |9 17327  |a 000001  |b 000001  |d 2019-08-12  |o 321 D513  |p MD.15459  |r 2019-08-12  |v 144000.00  |w 2019-08-12  |y BK 
980 |a Thư viện Trường Đại học Nam Cần Thơ